Luật Sở hữu trí tuệ năm 2005 được sửa đổi, bổ sung năm 2009

Trình bày nội dung luật sở hữu trí tuệ năm 2005, luật sửa đổi, bổ sung 2009 bao gồm 222 điều với các phần qui định chung, nội dung giới hạn, thời gian bảo hộ quyền tác giả, quyền liên quan, chủ sở hữu quyền tác giả, quyền liên quan, chuyê...

Descripció completa

Guardat en:
Dades bibliogràfiques
Autor corporatiu: Việt Nam (Cộng hòa xã hội Chủ nghĩa), Quốc hội
Format: Llibre
Idioma:Undetermined
Publicat: Hà Nội Chính trị Quốc gia 2010
Matèries:
Etiquetes: Afegir etiqueta
Sense etiquetes, Sigues el primer a etiquetar aquest registre!
Thư viện lưu trữ: Trung tâm Học liệu Trường Đại học Cần Thơ
LEADER 01444nam a2200229Ia 4500
001 CTU_148092
008 210402s9999 xx 000 0 und d
020 |c 26000 
082 |a 346.597048 
082 |b V308 
110 |a Việt Nam (Cộng hòa xã hội Chủ nghĩa) 
110 |b Quốc hội 
245 0 |a Luật Sở hữu trí tuệ năm 2005 được sửa đổi, bổ sung năm 2009 
245 0 |c Việt Nam (Cộng hòa xã hội Chủ nghĩa). Quốc hội 
260 |a Hà Nội 
260 |b Chính trị Quốc gia 
260 |c 2010 
520 |a Trình bày nội dung luật sở hữu trí tuệ năm 2005, luật sửa đổi, bổ sung 2009 bao gồm 222 điều với các phần qui định chung, nội dung giới hạn, thời gian bảo hộ quyền tác giả, quyền liên quan, chủ sở hữu quyền tác giả, quyền liên quan, chuyển giao quyền tác giả, chứng nhận đăng kí quyền tác giả, tổ chức đại diện, tư vấn, dịch vụ quyền tác giả, quyền sở hữu công nghiệp... 
650 |a Intellectual property,Luật sở hữu trí tuệ 
650 |z Vietnam,Việt Nam 
904 |i Nguyên,Nhớ đã sữa Cutter L504 thành V308 
980 |a Trung tâm Học liệu Trường Đại học Cần Thơ